000 00609nam a2200193 a 4500
001 000010206
005 20240412074216.0
008 091005s1956 dr 001 p spa d
040 _aDO-SdBNP
_bspa
_cBNPHU
082 _aRD861.4
_bO775t
100 1 _aOrtíz, Fernándo A.
_925206
245 1 0 _aTerritorialidad semántica /
_cFernándo A. Ortíz.
260 _aCiudad Trujillo, República Dominicana, :
_bOlga,
_c1956.
500 _aAño del benefactor de la Patria
650 0 _aPoesía dominicana
_966
650 0 _aLiteratura dominicana.
_967
910 _aValidado. Control de calidad MFF
049 _aBNPD
999 _c9965
_d9965